Statistics for 5 Most Densely populated Countries of the World

Click here to take the quiz!

General Stats

  • This quiz has been taken 31 times
  • The average score is 4 of 5

Answer Stats

RankCountry% Correct
1Monaco
93%
2Singapore
86%
3Vatican City
79%
5Malta
66%
4Bahrain
52%

Score Distribution

Percentile by Number Answered

Percent of People with Each Score

Your Score History

You have not taken this quiz